| 000 | 00688nam a22002057a 4500 | ||
|---|---|---|---|
| 999 |
_c19628 _d19628 |
||
| 003 | AR-CdUCM | ||
| 008 | 190518b ||||| |||| 00| 0 spa d | ||
| 040 |
_aMUNICIPALIDAD PROVINCIAL DEL CUSCO _cBIBLIOTECA MUNICIPAL DEL CUSCO |
||
| 082 |
_a346.241 / _bB23 |
||
| 100 |
_aBarrionuevo, Alfonsina _915899 |
||
| 245 |
_aSirvinakuy : _bUn ensayo sobre el matrimonio a prueba / |
||
| 260 |
_aLima : _bIberia, _c1973 : |
||
| 300 |
_a64 páginas ; _c23 cm. |
||
| 505 | _aContenido : Warmichakuy en el Cusco -- Costumbres -- Sociedad antigua.. | ||
| 650 |
_aCostumbres _9230 |
||
| 650 |
_aMatrimonio en el Incanato _941076 |
||
| 650 |
_aTradiciones _9229 |
||
| 942 |
_2ddc _cLIBROS |
||
| 945 | _arcc | ||